| 000 | 00393nam a22001577a 4500 | ||
|---|---|---|---|
| 003 | OSt | ||
| 008 | 230221b |||||||| |||| 00| 0 eng d | ||
| 041 | _amal | ||
| 082 |
_a894.812 3 _bHAD/VI |
||
| 100 |
_aHadley chaze, James _95382 |
||
| 245 |
_aVishapambukal _bവിഷപ്പാമ്പുകൾ |
||
| 250 | _a1st | ||
| 260 |
_aKottayam _bDon books _c2021 |
||
| 300 | _a239 | ||
| 942 | _cBK | ||
| 999 |
_c17627 _d17627 |
||